América Latina moderna?: globalización e identidad
Saved in:
| Hovedforfatter: | |
|---|---|
| Format: | Bog |
| Sprog: | spansk |
| Udgivet: |
Santiago
LOM
2005
|
| Udgivelse: | 1a. ed |
| Serier: | Colección Escafandra
|
| Fag: | |
| Tags: |
Tilføj Tag
Ingen Tags, Vær først til at tagge denne postø!
|
MARC
| LEADER | 00000nam a2200000 a 4500 | ||
|---|---|---|---|
| 001 | UCK4108 | ||
| 003 | CL-VaPUC | ||
| 008 | 050520e20050000CL |||||||||||||||||spa|d | ||
| 020 | |a 9562827216 | ||
| 082 | 0 | 4 | |a 303.44 |b LAR |2 21 |
| 100 | |a Larraín Ibáñez, Jorge |e author |9 601100 | ||
| 245 | 1 | 0 | |a América Latina moderna?: globalización e identidad |
| 250 | |a 1a. ed | ||
| 300 | |a 183 p | ||
| 942 | |c BK | ||
| 945 | |d 20050520 00:00:00 |a cmena | ||
| 260 | |a Santiago |b LOM |c 2005 | ||
| 650 | 0 | |a Cambio social |9 256857 | |
| 650 | 0 | |a Globalización |9 361930 | |
| 650 | 0 | |a Identidad cultural |9 319131 | |
| 650 | 7 | |a MODERNIZACION |2 CL-VaPUC |9 335311 | |
| 651 | 0 | |a América Latina |9 255027 | |
| 583 | |a last modification |c 20170830 16:17:55 |k Rodrigo Vera | ||
| 490 | 0 | |a Colección Escafandra | |
| 999 | |c 313066 |d 313064 | ||
| 952 | |0 0 |1 0 |4 0 |6 303_440000000000000_LAR_2005 |7 0 |8 A |9 384129 |a BIBHIS |b BIBHIS |d 2019-11-22 |i 4353234 |l 1 |m 1 |o 303.44 LAR 2005 |p 4353234 |r 2025-01-20 |s 2024-10-16 |w 2019-11-22 |y BK |k HIS | ||
| 952 | |0 0 |1 0 |4 0 |6 303_440000000000000_LAR_2005 |7 0 |8 A |9 384130 |a BIBCUR |b BIBCUR |d 2019-11-22 |i 438556K |o 303.44 LAR 2005 |p 438556K |r 2025-04-22 |w 2019-11-22 |y BK |k PER | ||
| 952 | |0 0 |1 0 |4 0 |6 303_440000000000000_LAR_2005 |7 0 |8 A |9 384131 |a BIBEDU |b BIBEDU |d 2019-11-22 |i 4396804 |o 303.44 LAR 2005 |p 4396804 |r 2019-11-22 |w 2019-11-22 |y BK |k LIT | ||
| 952 | |0 0 |1 0 |4 0 |6 303_440000000000000_LAR_2005 |7 0 |8 A |9 384132 |a BIBHIS |b BIBHIS |d 2019-11-22 |i 4468341 |l 1 |o 303.44 LAR 2005 |p 4468341 |r 2025-01-20 |s 2024-04-25 |w 2019-11-22 |y BK |k HIS | ||
| 952 | |0 0 |1 0 |4 0 |6 303_440000000000000_LAR_2005 |7 0 |8 A |9 384133 |a BIBCUR |b BIBCUR |d 2019-11-22 |i 452165K |o 303.44 LAR 2005 |p 452165K |r 2025-04-22 |w 2019-11-22 |y BK |k PER | ||